Úvod do inžinierstva /

Uložené v:
Podrobná bibliografia
Hlavní autori: Rehák, Juraj (Autor), Babušek, František (Autor)
Médium: Kniha
Jazyk:Slovak
Vydavateľské údaje: Bratislava : Alfa, 1983
Vydanie:1.vyd.
Tagy: Pridať tag
Žiadne tagy, Buďte prvý, kto otaguje tento záznam!

MARC

LEADER 00000nam a22000003a 4500
001 stu7049
005 20150617225809.1
008 940805s1983----cs------------------slo-d
040 |a STU  |b slo 
041 0 |a slo 
044 |a cs 
100 1 |a Rehák, Juraj  |4 aut 
245 1 |a Úvod do inžinierstva /  |c [aut.] Rehák,Juraj; Babušek,František 
250 |a 1.vyd. 
260 |a Bratislava :  |b Alfa,  |c 1983 
300 |a 179 s 
700 1 |a Babušek, František  |4 aut 
996 |b E52117  |c E*52117  |l EE01  |s A  |a 24  |w stu7049_0001